Le droit des obligations / (Record no. 164853)

MARC details
000 -LEADER
campo de control de longitud fija 00756nam a2200217 i 4500
001 - NÚMERO DE CONTROL
campo de control 164853
003 - IDENTIFICADOR DE NÚMERO DE CONTROL
campo de control ES-MaACL
005 - FECHA Y HORA DE LA ÚLTIMA TRANSACCIÓN
campo de control 20250704063123.0
008 - DATOS DE LONGITUD FIJA--INFORMACIÓN GENERAL
campo de control de longitud fija 950206s1863 fr |||| | fre d
040 ## - FUENTE DE CATALOGACIÓN
Centro catalogador/agencia de origen CLM
Lengua de catalogación spa
Centro/agencia transcriptor CCPB | PA2
100 1# - ENTRADA PRINCIPAL--NOMBRE DE PERSONA
Nombre de persona Savigny, Friedrich Carl von,
Fechas asociadas al nombre 1779-1861
9 (RLIN) 104070
245 13 - MENCIÓN DEL TÍTULO
Título Le droit des obligations /
Mención de responsabilidad, etc. par M. de Savigny ; traduit de l'allemand par C. Gérardin et P. Jozon.
260 ## - PUBLICACIÓN, DISTRIBUCIÓN, ETC.
Lugar de publicación, distribución, etc. Paris :
Nombre del editor, distribuidor, etc. Auguste Durand,
Fecha de publicación, distribución, etc. 1863 (
Fabricante Imprimé par Charles Noblet)
300 ## - DESCRIPCIÓN FÍSICA
Extensión 2 v. ;
Dimensiones 22 cm.
597 ## - NOTA DE DESCRIPCIÓN FÍSICA
NOTA DE DESCRIPCIÓN FÍSICA v.2 (482 p.)
650 #4 - PUNTO DE ACCESO ADICIONAL DE MATERIA--TÉRMINO DE MATERIA
Término de materia o nombre geográfico como elemento de entrada Obligaciones (Derecho)
9 (RLIN) 15660
700 1# - ENTRADA AGREGADA--NOMBRE PERSONAL
Nombre de persona Jozon, Paul (
Fechas asociadas al nombre 1836-1881)
9 (RLIN) 128381
852 ## - LOCALIZACIÓN
Ubicación ES-MaACL
Número de control de estantería F-14481-82
Nota libre -- Enc. hol.
Holdings
Estatus retirado Estado de pérdida Estado de daño No para préstamo Colección Biblioteca de origen Biblioteca actual Ubicación en estantería Fecha de adquisición Total de préstamos Signatura topográfica completa Código de barras Visto por última vez Precio de reemplazo Tipo de ítem Koha
        Libros del s. XIX Biblioteca del Ateneo de Madrid Biblioteca del Ateneo de Madrid Sala Pecera Planta 2 17/01/2008   F-14481-82 1172814 23/02/2023 23/02/2023 Libro impreso antiguo